000 00800nam a2200253 i 4500
003 DO-SdBNP
005 20250612133732.0
007 ta
008 250612s1939 dr r 000 0 spa d
040 _aDO-SdBNP
_bspa
_cBNPHU
_erda
082 _axxxxx
_bJ614
_222
100 1 _aMORENO JIMENES, DOMINGO,
_d1894 - 1986
_eautor
_919534
_4aut.
245 1 0 _aSentir es la norma! /
_cD. Moreno Jimenes
264 1 _a[Santiago de los Caballeros, República Dominicana] :
_bEdición Bronce,
_c1939.
300 _a[40] páginas
_c16 cm.
336 _atexto
_btxt
_2rdacontent
337 _asin mediación
_bn
_2rdamedia
338 _avolumen
_bnc
_2rdacarrier
590 _aInventariado, 2025/ YL
650 0 _aCocina
_9360
650 4 _aPreparación de alimentos
_9193
910 _aYLockward
942 _2ddc
_cLF2
999 _c59258
_d59258